鍾樓怪人
| 資料類型: | 圖書 | 書目號: | 32854 |
Leader xxxxxxxxxx 001 __ 80004592 005 __ 19950313112809.0 008 __ chi 010 0_ |a957-558-329-9|b平裝|d 020 __ |acw|b80004214 100 __ |a19911114g1991 0chib0109 e. 101 0_ |achi. 102 __ |acw. 105 __ |aa z 000yy. 200 1_ |a鍾樓怪人|e|f雨果原著|g蘇瑞瑛改寫. 205 __ |a初版. 210 __ |a臺南市|c大千文化|d民80. 211 __ |a8011. 215 0_ |a1冊|c|d21公分 225 1_ |a世界文學注音版全集|v9. 260 1_ |a1991. 300 __ |a 681 __ |a859.6. 700 __ |a蘇|b瑞瑛|4撰文 702 __ |a|b|4 |